Index ľudského rozvoja ako možnosť merania kvality ekonomického rozvoja krajiny

Kľúčové determinanty merania ľudského blahobytu, ukazovatele merania a porovnanie kvalitatívnych a kvantitatívnych stránok ekonomického rastu medzi krajinami. Systém merania a charakteristické zmeny rastu v moderných ekonomikách.

Salvato in:
Dettagli Bibliografici
Autore principale: Vondrová, Andrea, 1987-
Natura: Capitolo di libro
Lingua:slovacco
Soggetti:
Tags: Aggiungi Tag
Nessun Tag, puoi essere il primo ad aggiungerne!!

MARC

LEADER 00000nla a2200000 4500
001 0183285
005 20240502073132.3
041 0 |a slo 
044 |a SK 
245 1 0 |a Index ľudského rozvoja ako možnosť merania kvality ekonomického rozvoja krajiny  |c Andrea Vondrová 
520 |a Kľúčové determinanty merania ľudského blahobytu, ukazovatele merania a porovnanie kvalitatívnych a kvantitatívnych stránok ekonomického rastu medzi krajinami. Systém merania a charakteristické zmeny rastu v moderných ekonomikách. 
610 2 0 |a rast hospodársky 
610 2 0 |a rozvoj hospodársky 
610 2 0 |a procesy sociálno-ekonomické 
610 2 0 |a index rozvoja ľudského 
610 2 0 |a blahobyt 
610 2 0 |a meranie 
100 1 |a Vondrová, Andrea, 1987-